Andor - Every Planet Visited - Statistics

General Stats
  • This quiz has been taken 201 times
    184 since last reset
  • The average score is 10 of 20
Answer Stats
Hint Answer % Correct
Season 1 Ferrix
96%
Season 1 & 2 Coruscant
93%
Season 2 Ghorman
92%
Season 2 Yavin IV
84%
Season 1 Aldhani
75%
Season 1 Narkina 5
73%
Season 2 Chandrila
67%
Season 1 Morlana One
64%
Season 1 Niamos
53%
Season 1 & 2 Kenari
48%
Season 2 Naboo
44%
Season 2 Jedha
43%
Season 2 D'Qar
41%
Season 2 Mina-Rau
40%
Season 2 73
31%
Season 1 Scarif
30%
Season 2 Steergard
24%
Season 1 Segra Milo
23%
Season 1 Frezno
13%
Season 2 Narkina 2
11%
No matching quizzes found
Score Distribution
Percent of People with Each Score
Percentile by Number Answered
Your Score History
You have not taken this quiz since the last reset